| 000 | 02382 a2200289 4500 | ||
|---|---|---|---|
| 999 |
_c10964 _d10964 |
||
| 020 | _a9780415498487 (limp : alk. paper) | ||
| 020 | _a9780203870969 (ebook) | ||
| 020 | _a0203870964 (ebook) | ||
| 050 | 0 | 0 |
_aDS889.5 _b DIP 2009 |
| 100 |
_aIokibe , Makoto _eeditor |
||
| 245 | 1 | 4 |
_aThe diplomatic history of postwar Japan / _cedited by Makoto Iokibe |
| 264 |
_a New York : _bRoutledge, _c2009 |
||
| 300 |
_axiii, 246 pages : _bill.ustrations ; |
||
| 336 |
_2rdacontent _atext _btxt |
||
| 337 |
_2rdamedia _aunmediated _bn |
||
| 338 |
_2rdacarrier _avolume _bnc |
||
| 504 | _aIncludes bibliographical references and index. | ||
| 505 | _aIntroduction: Japanese diplomacy from prewar to postwar / Iokibe Makoto -- Diplomacy in occupied Japan: Japanese diplomacy in the 1940's / Iokibe Makoto -- Conditions of an independent state: Japanese diplomacy in the 1950's / Sakamoto Kazuya -- The model of an economic power: Japanese diplomacy in the 1960's / Tadokoro Masayuki -- Overcoming the crises: Japanese diplomacy in the 1970's / Nakanishi Hiroshi -- The mission and trials of an emerging international state: Japanese diplomacy in the 1980's / Murata Koji -- Japanese diplomacy after the Cold War / Iokibe Makoto -- Conclusion: what was postwar Japanese diplomacy? / Iokibe Makoto | ||
| 520 | _aThe book examines the many issues which Japan has had to confront in this important period: from the occupation authorities in the latter half 1940s, to the crisis-filled 1970s; from the post-Cold War decade to the contemporary war on terrorism. The book examines the effect of the changing international climate and domestic scene on Japan's foreign policy; and the way its foreign policy has been conducted. It discusses how the aims of Japan's foreign relations, and how its relationships with its neighbours, allies and other major world powers have developed, and assesses how far Japan has succeeded in realising its aims. It concludes by discussing the current state of Japanese foreign policy and likely future developments."--pub. desc | ||
| 650 | _a Foreign relations | ||
| 651 | 0 | _aJapan | |
| 651 | 0 | _aJapan | |
| 700 | 1 |
_aIokibe, Makoto, _d1943- _eeditor |
|
| 700 | 1 |
_aEldridge, Robert D. _etranslator |
|
| 942 |
_2lcc _cBK _h889.5 _iDIP _kDS |
||